Equipos del fútbol italiano con imágenes - Estadísticas

Estadísticas generales
  • Esta prueba ha sido intentada 18 veces
  • La puntuación promedio es 22 de 35
Estadísticas de respuestas
Imagen Respuesta % Correcto
Juventus
100%
Inter de Milán
94%
Milan
94%
Roma
88%
Como
81%
Napoli
81%
Torino
81%
Bologna
75%
Cagliari
75%
Fiorentina
75%
Hellas Verona
75%
Pisa
75%
Sassuolo
75%
Udinese
75%
Venezia
75%
Lazio
69%
Palermo
69%
Parma
69%
Atalanta
63%
Lecce
63%
Sampdoria
63%
ChievoVerona
56%
Cremonese
56%
Genoa
56%
Salernitana
56%
Bari
50%
Empoli
50%
Frosinone
50%
Monza
44%
Benevento
31%
Modena
25%
Siena
25%
Catania
19%
Brescia
13%
Ternana
6%
No se encontraron pruebas coincidentes
Distribución de puntuación
Porcentaje de gente con cada puntuación
Porcentaje por número respondido
Historial de tus puntuaciones
No has intentado esta prueba.